000 00595nmm a2200205 a 4500
003 AR-BaBNM
005 20251128210832.0
008 161020s[ca. ||||||||||||||000 | spa||
020 _a84-494-1535-7
040 _cAR-BaBNM
245 1 0 _aDiccionario ilustrado Océano de la lengua española
_bedición del milenio
260 _aBarcelona
_bOcéano
_c[ca. 1995]
300 _a1192 p.
_eCD-Rom
500 _aEl presente ejemplar se complementa con un CD-Rom, solicitar en MEDIATECA
650 4 _aDICCIONARIOS
650 4 _aESPANOL
655 _aREFERENCIA
942 _cBK
998 _cRAQUEL
999 _c17135
_d17135